00485 2200181 4500001002100000005001500021035002000036245004500056100002100101250001700122300003300139260003500172082001000207084001600217020002200233650002000255500002800275INLIS00000000000103420250429080221 a0010-04250000291 aKiat Sehat Ibu Hamil /cEko Purwaningsih0 aEko Purwaningsih aCetakan ke-1 aiv, 140 hlm :bIlus ;c21 cm aJakarta :bGaneca Exact,c2007 a612.6 a612.6 EKO k a978-979-571-466-8 4ailmu kedokteran aSeri Kesehatan Keluarga